000 03608nam a2200469 4500
001 1694839672
003 RU-10907106
005 20211006111934.0
007 cr uuu---uuuuu
008 200417s2020 gw |||||om 00| ||ger c
020 _a9783835344945
_9978-3-8353-4494-5
020 _a9783835336803
_9978-3-8353-3680-3
024 7 _a10.5771/9783835344945
_2doi
035 _a(DE-599)KEP05132556X
035 _a(OCoLC)1183447185
035 _a(NOMOS)9783835344945
035 _a(EBP)05132556X
040 _aDE-627
_bger
_cDE-627
041 _ager
044 _cXA-DE-NI
100 1 _aLüttge, Felix
_eVerfasserIn
_4aut
245 1 0 _aAuf den Spuren des Wals
_bGeographien des Lebens im 19. Jahrhundert
_cFelix Lüttge
250 _a1. Auflage
264 1 _aGöttingen :
_bWallstein Verlag,
_c2020.
300 _a1 Online-Ressource (278 Seiten)
_bIllustrationen, Karten
336 _aText
_btxt
_2rdacontent
337 _aComputermedien
_bc
_2rdamedia
338 _aOnline-Ressource
_bcr
_2rdacarrier
500 _aE-Book-Nomos eLibrary / Zugriff nur im DHI-Lesesaal
500 _aQuellen- und Literaturverzeichnis: Seite 247-275
502 _bDissertation
_cHumboldt-Universität Berlin,
_d2018
520 _aEine Medien- und Wissensgeschichte von Biologie und Ozeanographie im Kielwasser der Walfänger. Immer wieder entzieht sich der Wal wissenschaftlicher Klassifikation und Darstellbarkeit. Wale sind buchstäblich nicht zu fassen - als sich die neuen biologischen Wissenschaften im 19. Jahrhundert daran machten, »das Leben« zu erklären, blieb das der Wale ein Problem. Doch Walfänger durchkreuzten auf ihren Spuren im 19. Jahrhundert die Meere der Welt. Kartographen erschlossen auf den Spuren dieser Walfänger die Nordwestpassage und den pazifischen Ozean, während Naturhistoriker und Zoologen sie in die Lebensräume der Wale begleiten. Felix Lüttge erzählt die Geschichte der Walfänger, die den Walen, und der Wissenschaftler, die wiederum den Walfängern folgten. Es ist eine Medien- und Wissensgeschichte des Wals wie auch der Meere, die auf seinen Spuren durchfahren und vermessen wurden. Felix Lüttge beschreibt die komplexen Austauschprozesse, mit denen Walfänger und Wissenschaftler ökonomisches, ozeanographisches, zoologisches und geographisches Wissen hervorbrachten. »Die Wale, von denen diese Untersuchung handelt, sind auch, aber nicht zuerst Teile einer Natur, die es zu ordnen galt. Sie sind Rohstofflieferanten und Wissensobjekte, und sie mussten erst mithilfe bestimmter Praktiken und Medien hervorgebracht werden.« Felix Lüttge Felix Lüttge, geb. 1987, ist Historiker und Kulturwissenschaftler. Er arbeitet am Seminar für Medienwissenschaft an der Universität Basel. Veröffentlichungen u.a.: Walverwandtschaften. Leben in feindlichen Milieus, in: Milieu. Umgebungen des Lebendigen in der Moderne (2017); Whaling Intelligence, in: The British Journal for the History of Science (2019).
650 _aWalfang
650 _a Wale
655 7 _aHochschulschrift
_0(DE-588)4113937-9
_0(DE-627)105825778
_0(DE-576)209480580
_2gnd-content
710 2 _aHumboldt-Universität zu Berlin
_eGrad-verleihende Institution
_0(DE-588)1220138-8
_0(DE-627)101191235
_0(DE-576)193677407
_4dgg
751 _aBerlin
_0(DE-588)4005728-8
_0(DE-627)10482638X
_0(DE-576)208862560
_4uvp
776 0 8 _iErscheint auch als
_nDruck-Ausgabe
_aLüttge, Felix
_tAuf den Spuren des Wals
_dGöttingen : Wallstein Verlag, 2020
_h278 Seiten
_z9783835336803
_z3835336800
856 4 0 _uhttps://doi.org/10.5771/9783835344945
_3Volltext
942 _2z
_cEB
999 _c56432
_d56432